000
00288nam a2200109Ia 4500
001
1275895
005
20260417160436.0
008
260417s9999 xx 000 0 und d
020
_a
9786258159325
245
0
_a
Benim Süper Gücüm Yok Ki!
_c
Hilal Çorbacıoğlu
260
_b
Ketebe Çocuk
999
_c
1275895
_d
1275895